Wszystkie przystanki linii autobusowej 921 Wrocław - Statystyki

Ogólne statystyki
  • Ten quiz został rozwiązany 5 razy
    4 od ostatniego zresetowania
  • Średni wynik to 24 z 41
Statystyki odpowiedzi
Wskazówka Odpowiedź % Poprawnych
Brucknera
100%
Centrum Handlowe Korona
100%
na życzenie, tylko w stronę PG Centrum Handlowe Korona
100%
na życzenie Gorlicka
100%
Kochanowskiego
100%
na życzenie Kurlandzka
100%
Kwidzyńska
100%
na życzenie Mroźna
100%
na życzenie Mulicka
100%
na życzenie Palacha
100%
Plac Grunwaldzki
100%
Psie Pole
100%
Psie Pole Rondo Lotników Polskich
100%
na życzenie Śniadeckich
100%
Szewczenki
100%
na życzenie Wilczyce
100%
Wilczyce Szkoła
100%
na życzenie Zacisze
100%
Zgorzelisko
100%
na życzenie Wilczyce Dworska
67%
na życzenie Brzezia Łąka Cmentarz
33%
na życzenie Kiełczów Cmentarz
33%
na życzenie Kiełczów Osiedle
33%
Kiełczów Pętla Plac Jana Gdaka
33%
Kiełczów Pętla Wrocławska
33%
na życzenie Kiełczów Zgodna
33%
Oleśniczka
33%
Raków Skrzyżowanie
33%
na życzenie Śliwice
33%
Wilczyce Borowa
33%
na życzenie Wilczyce Dębowa
33%
na życzenie Wilczyce Sosnowa
33%
na życzenie Wilczyce Wrocławska na wysokości numeru 1F
33%
na życzenie Brzezia Łąka Skrzyżowanie Główna
0%
na życzenie Brzezia Łąka Skrzyżowanie Orzechowa
0%
na życzenie Brzezia Łąka Wrocławska
0%
na życzenie Kątna
0%
na życzenie Oleśniczka-Skrzyżowanie
0%
na życzenie Pietrzykowice
0%
na życzenie Raków III
0%
na życzenie Raków IV
0%
Nie znaleziono quizów pasujących do podanych kryteriów
Rozkład punktacji
Procent ludzi z każdym wynikiem
Percentyl według liczby udzielonych odpowiedzi
Twoja historia wyników
Nie rozwiązałeś tego quizu od ostatniego zresetowania